000 00422nam a2200157 i 4500
001 78648
003 ES-MaACL
005 20230906173755.0
007 t|
008 041015s1923 fr ||||1| fre d
100 1 _aHalévy, Daniel.
_961534
245 1 0 _aVanban /
_cDaniel Halévy.
260 _aParis :
_b[s.n.],
_c1923 (
_eAbreville :
_fF. Paillart)
300 _a205 p., 1 lám. ;
_c19 cm.
852 _aES-MaACL
_jF-13411
999 _c78648
_d78648